| 000 | 00535nam a2200169Ia 4500 | ||
|---|---|---|---|
| 005 | 20250508153553.0 | ||
| 008 | 008 250505s9999 xx 000 0 eng d | ||
| 037 | _aBooks to be hide in OPAC | ||
| 040 |
_aFEDL _beng _cFEDL |
||
| 041 |
_aeng _2eng |
||
| 084 |
_a370.58, UNE/O _qFEDL |
||
| 245 | 0 | _aNew zealand school publications branch | |
| 260 |
_aParis, France _bUnited Nations Educational, Scientific and Cultural Organization _c1957 |
||
| 300 | _a46p. | ||
| 942 |
_cHB _h370.58, UNE/O |
||
| 999 |
_c1343956 _d1343956 |
||